Top 20 German Players on FIFA 20 - Statistics

General Stats
  • This quiz has been taken 127 times
  • The average score is 19 of 20
Answer Stats
Pos. Club Number Rating Player % Correct
GK Bayern 1 88 Manuel Neuer
99%
GK Barcelona 1 90 Marc Andre Ter Stegen
99%
CM Real Madrid 8 88 Toni Kroos
99%
CAM Borussia Dortmund 11 88 Marco Reus
98%
CB Borussia Dortmund 15 87 Mats Hummels
98%
CB Bayern 17 84 Jerome Boateng
97%
LW Manchester City 19 86 Leroy Sane
97%
CAM Arsenal 10 84 Mesut Ozil
97%
RB Bayern 32 86 Joshua Kimmich
96%
GK Arsenal 1 84 Bernd Leno
95%
CM Manchester City 8 84 Ilkay Gundogan
94%
CA Bayern 25 86 Thomas Muller
94%
CAM PSG 23 83 Julian Draxler
92%
ST RB Leipzig 11 83 Timo Werner
92%
CM Juventus 6 83 Sami Khedira
89%
CB Bayern 4 85 Niklas Sule
88%
CAM Bayer Leverkusen 29 84 Kai Havertz
85%
CAM Borussia Dortmund 19 84 Julian Brandt
84%
RM Bayern 22 84 Serge Gnabry
81%
CM Bayern 18 84 Leon Goretzka
79%
No matching quizzes found
Score Distribution
Percent of People with Each Score
Percentile by Number Answered
Your Score History
You have not taken this quiz